<?xml version='1.0' encoding='UTF-8'?>
  <record xmlns="http://www.loc.gov/MARC21/slim">
    <leader>00000ctm a22000007i 4500</leader>
    <controlfield tag="001">ocn965419896</controlfield>
    <controlfield tag="003">OCoLC</controlfield>
    <controlfield tag="005">20241207094224.8</controlfield>
    <controlfield tag="008">110418s1450    ne            000 0 dum d</controlfield>
    <datafield tag="040" ind1=" " ind2=" ">
      <subfield code="a">QGJ</subfield>
      <subfield code="b">dut</subfield>
      <subfield code="c">QGJ</subfield>
      <subfield code="d">OCLCL</subfield>
      <subfield code="d">OCLCQ</subfield>
    </datafield>
    <datafield tag="035" ind1=" " ind2=" ">
      <subfield code="a">(OCoLC)965419896</subfield>
    </datafield>
    <datafield tag="245" ind1="0" ind2="0">
      <subfield code="a">Kwade dagen.</subfield>
      <subfield code="b">Jaarprognose = Esdrasprognose. Prozavertaling van Secreta secretorum. Pesttraktaat = Praagse brief. Losse medische recepten ... [etc.].</subfield>
      <subfield code="f">UBU Hs. Hattem C 5.</subfield>
    </datafield>
    <datafield tag="246" ind1="1" ind2=" ">
      <subfield code="a">Jaarprognose</subfield>
    </datafield>
    <datafield tag="246" ind1="1" ind2=" ">
      <subfield code="a">Esdrasprognose</subfield>
    </datafield>
    <datafield tag="246" ind1="1" ind2=" ">
      <subfield code="a">Prozavertaling van Secreta secretorum</subfield>
    </datafield>
    <datafield tag="246" ind1="1" ind2=" ">
      <subfield code="a">Pesttraktaat</subfield>
    </datafield>
    <datafield tag="246" ind1="1" ind2=" ">
      <subfield code="a">Praagse brief</subfield>
    </datafield>
    <datafield tag="260" ind1=" " ind2=" ">
      <subfield code="c">[ca. 1450]</subfield>
    </datafield>
    <datafield tag="300" ind1=" " ind2=" ">
      <subfield code="a">286 fol. (gepagineerd 1-572) ;</subfield>
      <subfield code="c">208 x 165 (157 x 83) mm.</subfield>
    </datafield>
    <datafield tag="336" ind1=" " ind2=" ">
      <subfield code="a">text</subfield>
      <subfield code="b">txt</subfield>
      <subfield code="2">rdacontent</subfield>
    </datafield>
    <datafield tag="337" ind1=" " ind2=" ">
      <subfield code="a">unmediated</subfield>
      <subfield code="b">n</subfield>
      <subfield code="2">rdamedia</subfield>
    </datafield>
    <datafield tag="338" ind1=" " ind2=" ">
      <subfield code="a">volume</subfield>
      <subfield code="b">nc</subfield>
      <subfield code="2">rdacarrier</subfield>
    </datafield>
    <datafield tag="340" ind1=" " ind2=" ">
      <subfield code="a">papier</subfield>
      <subfield code="k">29 à 43 regels, littera hybrida en littera cursiva.</subfield>
    </datafield>
    <datafield tag="500" ind1=" " ind2=" ">
      <subfield code="a">Artes teksten.</subfield>
    </datafield>
    <datafield tag="500" ind1=" " ind2=" ">
      <subfield code="a">Bevat o.a. een vertaling in het Nederlands (uit het Latijn) van pseudo-Aristoteles' Secretum secretorum (oorspronkelijk vert. uit het Arabisch door Philippus Tripolitanus, recepten voor medicijnen en cosmetica, herbaria, traktaten over de pest, aderlating, chirurgie, het medicinale gebruik van wijn, urine (Nederlandse vertaling van De urinis van Maurus Salernitanus), een Nederlandse vertaling van Practica oculorum van Benevenutus Grapheus, excerpten uit Avicenna.</subfield>
    </datafield>
    <datafield tag="500" ind1=" " ind2=" ">
      <subfield code="a">Voor een volledige inhoudsopgave zie: Repertorium van de Middelnederlandse artes-literatuur / R. Jansen-Sieben. - P. 348-349: en: Een Hattems handschrift : belangrijke aanwinst voor de middelnederlandse artes-literatuur / Willy J. Braekman. - In: Volkskunde. - Jg. 84(1983) ; p. 299-331.</subfield>
    </datafield>
    <datafield tag="500" ind1=" " ind2=" ">
      <subfield code="a">In langdurige bruikleen van het Voerman Museum Hattem.</subfield>
    </datafield>
    <datafield tag="524" ind1=" " ind2=" ">
      <subfield code="a">Te citeren als: Universiteitsbibliotheek Utrecht Hs. Hattem C 5.</subfield>
    </datafield>
    <datafield tag="510" ind1="0" ind2=" ">
      <subfield code="a">Jansen-Sieben H220</subfield>
    </datafield>
    <datafield tag="581" ind1=" " ind2=" ">
      <subfield code="a">W.L. Braekman, 'Een Hattems handschrift: belanrijke aanwinst voor de Middelnederlandse artes-literatuur', in: Volkskunde 84 (1983), p. 301-331.</subfield>
    </datafield>
    <datafield tag="581" ind1=" " ind2=" ">
      <subfield code="a">R. Jansen-Sieben, Repertorium van de middelnederlandse artes-literatuur. Utrecht 1989. p. 348-350.</subfield>
    </datafield>
    <datafield tag="581" ind1=" " ind2=" ">
      <subfield code="a">W.L. Braekman, 'Een merkwaardige collectie ""secreten"" uit de vijftiende eeuw', in: Verslagen en mededelingen van de Koninklijke Academie voor Nederlandse Taal- en Letterkunde 1987, p. 270-287.</subfield>
    </datafield>
    <datafield tag="541" ind1=" " ind2=" ">
      <subfield code="d">20121129.</subfield>
      <subfield code="5">NL-UtRU</subfield>
    </datafield>
    <datafield tag="700" ind1="0" ind2=" ">
      <subfield code="a">Aristoteles,</subfield>
      <subfield code="c">Pseudo-</subfield>
    </datafield>
    <datafield tag="700" ind1="0" ind2=" ">
      <subfield code="a">Philippus,</subfield>
      <subfield code="c">Tripolitanus.</subfield>
      <subfield code="1">https://id.oclc.org/worldcat/entity/E39PCjqvd63g8KhV3KJh64jxTb</subfield>
    </datafield>
    <datafield tag="700" ind1="0" ind2=" ">
      <subfield code="a">Maurus Salernitanus.</subfield>
    </datafield>
    <datafield tag="700" ind1="0" ind2=" ">
      <subfield code="a">Benevenutus Grapheus.</subfield>
    </datafield>
    <datafield tag="700" ind1="1" ind2=" ">
      <subfield code="a">Ibn Sīnā, al-Ḥusayn b. ʿAbd Allāh,</subfield>
      <subfield code="d">ca. 980-1037.</subfield>
    </datafield>
    <datafield tag="710" ind1="2" ind2=" ">
      <subfield code="a">Voerman Museum (Hattem)</subfield>
      <subfield code="e">former owner.</subfield>
      <subfield code="4">fmo</subfield>
      <subfield code="5">NL-UtRU</subfield>
    </datafield>
    <datafield tag="758" ind1=" " ind2=" ">
      <subfield code="a">UBU Hs. Hattem C 5 Kwade dagen (Text)</subfield>
      <subfield code="1">https://id.oclc.org/worldcat/entity/E39PCFHt4MkXMfrVCQMv9RGW6q</subfield>
      <subfield code="4">https://id.oclc.org/worldcat/ontology/hasWork</subfield>
    </datafield>
    <datafield tag="856" ind1="4" ind2="2">
      <subfield code="u">http://objects.library.uu.nl/reader/resolver.php?obj=002375412&amp;type=2</subfield>
      <subfield code="x">Online</subfield>
      <subfield code="z">Full Text</subfield>
    </datafield>
    <datafield tag="856" ind1="4" ind2="2">
      <subfield code="u">http://wemal.let.uu.nl/hattem-c5.html</subfield>
      <subfield code="z">Toelichting</subfield>
    </datafield>
    <datafield tag="936" ind1=" " ind2=" ">
      <subfield code="a">BATCHLOAD</subfield>
    </datafield>
  </record>